Responses for Show #7120 - Friday, July 24, 2015

Scott Lord game 5.

Contestants

[<< previous game]

Sam Suarez, a postdoctoral researcher from Cary, North Carolina

Tracy McCarthy, a customer service manager from Vista, California

Scott Lord, a construction attorney from Santa Monica, California (whose 4-day cash winnings total $93,402)

[next game >>]

Jeopardy! Round responses

APOSTOLIC NAMES
STATE CAPITALS
TRANSPORTATION
NOT CHESS AGAIN!
TV ROLES
DOUBLE D WITH ANOTHER D
(Alex: That'll be three "D"s, at least, in each correct response.)
    $200 2
Andrew

Sam
    $200 16
gold

Scott
    $200 6
(Scott: What is an aircraft carrier?)
(Tracy: What is a battleship?)
...
(Alex: The danger on our program sometimes is if you give us too much information. The response here was just [*]. It was not an aircraft carrier nor a battleship at that time.)

a ship

ScottTracy
Triple Stumper
    $200 17
(Scott: What is castle?... [*]?)

castling

Scott
    $200 11
The Walking Dead

Sam
    $200 30
addicted

Scott
    $400 3
Thomas

Tracy
    $400 22
Pierre

Tracy
    $400 7
a golf cart

Sam
    $400 18
a pawn

Scott
    $400 12
Téa Leoni

Scott
    $400 29
daddy

Sam
    $600 1
Matthew

Sam
    $600 25
(Alex: Right, with less than a minute to go.)

Springfield

Scott
    $600 8
rails-to-trails

Sam
    $1,000 19
kings

Scott
    $600 13
Private Practice

Sam
    $600 26
shredded

Sam
    $800 4
Philip

Sam
    $800 24
the phoenix

Sam
    $800 9
a raft

Scott
    $800 20
equality

Triple Stumper
    $800 14
Patricia Arquette

Sam
    $800 27
bedridden

Tracy
    $1000 5
James

Sam
    $1000 23
(Sam: What is gold?)

bronze

TracySam
    $1000 10
Airbus

Sam
    $1000 21
a gambit

Sam
    $1000 15
(Tracy: What is Danno?)
(Scott: Who is Lord?)

Steve McGarrett

ScottTracy
Triple Stumper
    $1000 28
coddled

Tracy

Scores at the first commercial break (after clue 15):

Scott Tracy Sam
$0 -$800 $6,200

Scores at the end of the Jeopardy! Round:

Scott Tracy Sam
$2,600 $2,400 $8,000

Double Jeopardy! Round responses

THE SECURITIES & EXCHANGE COMMISSION
IN WEBSTER'S DICTIONARY
WATER SCIENCE
"A"+ IN HISTORY
W. SOMERSET MAUGHAM
POP CULTURE
    $400 27
1929

Sam
    $400 30
[Alex reads "usu." as "usually".]

valedictorian

Scott
    $400 5
(Scott: What is carbon dioxide?)

calcium

ScottSam
    $400 13
the Aztec

Scott
    $400 2
Tahiti

Tracy
    $400 1
(Alex: And that movie opens today.)

Pac-Man

Scott
    $800 26
insider trading

Tracy
    $800 28
yodel

Tracy
    $800 6
cascades

Sam
    $800 14
Amundsen

Tracy
    $800 4
The Razor's Edge

Tracy
    $800 3
(Dennis) Rodman

Scott
    $1,000 18
a proxy

Scott
    $1200 29
guillotine

Sam
    $1200 7
magma

Tracy
    $1200 15
Armistice

Triple Stumper
    $1200 10
(Sam: What is the Spanish-American War?)

World War I

ScottSam
    $1200 21
Emma Stone

Sam
    $1600 19
Citigroup

Sam
    $1600 25
(Alex: ...with a minute to go.)

inlet

Scott
    $1600 8
desalinated water

Sam
    $3,000 16
the Aegean

Tracy
    $1600 11
Of Human Bondage

Scott
    $1600 22
(Sam: What is Off the Boat?)

Fresh Off the Boat

TracySam
    $2000 20
Mary Jo White

Triple Stumper
    $2000 24
asphyxiate

Sam
    $2000 9
tide pools

Scott
    $2000 17
Anschluss

Scott
    $2000 12
Lambeth

Triple Stumper
    $2000 23
Crowded House

Tracy

Scores at the end of the Double Jeopardy! Round:

Scott Tracy Sam
$13,600 $13,800 $14,400

[wagering suggestions for these scores]

Final Jeopardy! Round responses

NATIONAL AIRLINES
(Alex: [To Scott] We will accept that. [*]air, or [*], the name of the country, we would have accepted also.)
...
(Alex: [To Sam] Remember, when you're traveling from America to Europe, you fly very far north because of the circle route.)
ScottWhat is Icelandic Airlines
$1,000
TracyWhat is Air Belgium
$13,800
SamWhat is Air Belgium
$14,000
Iceland

Final scores:

Scott Tracy Sam
$14,600 $0 $400
5-day champion: $108,002 3rd place: $1,000 2nd place: $2,000

Game dynamics:

Coryat scores:

Scott Tracy Sam
$13,400 $12,400 $14,400
18 R
(including 2 DDs),
3 W
14 R
(including 1 DD),
2 W
22 R,
3 W

Combined Coryat: $40,200

[game clues] [game scores] [suggest correction]

Game tape date: Unknown
The J! Archive is created by fans, for fans. Scraping, republication, monetization, and malicious use prohibited; this site may use cookies and collect identifying information. See terms. The Jeopardy! game show and all elements thereof, including but not limited to copyright and trademark thereto, are the property of Jeopardy Productions, Inc. and are protected under law. This website is not affiliated with, sponsored by, or operated by Jeopardy Productions, Inc. Join the discussion at JBoard.tv.